000 00280nam a2200097Ia 4500
001 652733
005 20250826154444.0
008 250824s9999 xx 000 0 und d
245 0 _aGELİNCİK DİZ/YAŞANMIŞ HAYVAN ÖYKÜLERİ-3
_cGÜLTEN DAYIOĞLU
260 _bALTIN KİTAP YAYINLARI
999 _c652733
_d652733